LEADER 03627 am 2200421 n 450 001 9910275045803321 005 20170519 010 $a2-11-129413-6 024 7 $a10.4000/books.igpde.4489 035 $a(CKB)4100000003667359 035 $a(FrMaCLE)OB-igpde-4489 035 $a(oapen)https://directory.doabooks.org/handle/20.500.12854/59262 035 $a(PPN)267939981 035 $a(EXLCZ)994100000003667359 100 $a20180404j|||||||| ||| 0 101 0 $afre 135 $auu||||||m|||| 181 $ctxt$2rdacontent 182 $cc$2rdamedia 183 $acr$2rdacarrier 200 14$aLes services extérieurs de la Ferme générale à la fin de l?Ancien Régime $eL?exemple de la direction des fermes du Hainaut /$fJean Clinquart 210 $aParis $cInstitut de la gestion publique et du développement économique$d2017 215 $a1 online resource (XII-376-[16] p.) 311 $a2-11-088975-6 330 $aLa Ferme générale avait mauvaise presse sous l?Ancien Régime et sa suppression en 1790 a répondu à un v?u unanime. De nos jours, son évocation suscite encore des réactions négatives ; on y voit surtout l?origine de fortunes privées, scandaleusement bâties sur la concession par l?État de la collecte de l?impôt. Les études menées à partir des sources disponibles nous éloignent de ces jugements partiels. Elles révèlent que la célèbre (et vilipendée) compagnie financière fut en son temps un modèle administratif et quelle peut être considérée comme la « mère » des services financiers modernes : son mode de gestion du personnel, en matière de retraites notamment, le fonctionnement de ses services centraux, préfiguration des grandes directions ministérielles, ses rapports avec le Contrôle général des Finances sont autant d?illustrations de cette modernité. Ainsi, l?histoire administrative peut-elle gagner à l?approfondissement de nos connaissances sur la vie des services de la Ferme, en particulier de ses services extérieurs qui, par leurs effectifs et par leur implantation sur tout le Royaume, occupent une place de premier rang dans l?appareil administratif de l?Ancien Régime. « L?histoire financière est une histoire difficile, compliquée à souhait, pleine de contradictions, surtout lorsqu?elle s?intéresse à l?Ancien Régime. Les pièges y sont multiples et l?on ne saurait être trop circonspect lorsqu?on y travaille. Branche de l?histoire administrative, elle est une discipline carrefour, à la croisée de l?histoire institutionnelle, de l?histoire économique, de l?histoire du droit, de l?histoire sociale... Histoire éclectique, elle ne possède pas de méthode qui lui soit propre, mais emprunte à toutes les autres. Elle exige tout particulièrement souplesse, doigté, sagesse. Toutes qualités que l?ouvrage de Jean Clinquart met en valeur. Par le miracle d?archives municipales, pas même départementales, que personne n?avait songé à classer ni à inventorier, ressurgit toute la? 517 $aservices extérieurs de la Ferme générale à la fin de l?Ancien Régime 606 $aTaxation$zFrance$zHainaut County$xHistory 610 $aAncien Régime 610 $aeconomic and financial history 610 $aFrance 615 0$aTaxation$xHistory. 700 $aClinquart$b Jean$01233671 701 $aMonnier$b François$01293485 801 0$bFR-FrMaCLE 906 $aBOOK 912 $a9910275045803321 996 $aLes services extérieurs de la Ferme générale à la fin de l?Ancien Régime$93022636 997 $aUNINA LEADER 02083nam 2200637 450 001 9910797097203321 005 20200923020339.0 010 $a94-92444-27-5 035 $a(CKB)3840000000350285 035 $a(Au-PeEL)EBL5288343 035 $a(CaPaEBR)ebr11511433 035 $a(OCoLC)1023551968 035 $a(MiAaPQ)EBC5288343 035 $a(EXLCZ)993840000000350285 100 $a20180327h20122012 uy 0 101 0 $aeng 135 $aurcnu|||||||| 181 $2rdacontent 182 $2rdamedia 183 $2rdacarrier 200 10$aDigital atlas of economic plants in archaeology /$fReinder Neef, Rene? T.J. Cappers, Rene?e M. Bekker ; with contributions by L. Boulos [and six others] 210 1$aGroningen, [Netherlands] :$cBarkhuis Publishing & University of Groningen Library,$d2012. 210 4$d©2012 215 $a1 online resource (761 pages) $ccolor illustrations, maps 225 1 $aGroningen Archaeological Studies,$x1572-1760 ;$vVolume 17 311 $a94-91431-02-1 320 $aIncludes bibliographical references and index. 410 0$aGroningen archaeological studies ;$vVolume 17. 606 $aPlants, Useful$vAtlases 606 $aPlants, Edible$vAtlases 606 $aMedicinal plants$vAtlases 606 $aSeeds$vIdentification 606 $aMedicinal plants$vIdentification 606 $aSeeds$vAtlases 606 $aPlants, Useful$vIdentification 606 $aPlants, Edible$vIdentification 615 0$aPlants, Useful 615 0$aPlants, Edible 615 0$aMedicinal plants 615 0$aSeeds 615 0$aMedicinal plants 615 0$aSeeds 615 0$aPlants, Useful 615 0$aPlants, Edible 676 $a581.63096982 700 $aNeef$b Reinder$0524008 702 $aCappers$b Rene? T. J. 702 $aBekker$b Rene?e M. 702 $aBoulos$b Loutfy 801 0$bMiAaPQ 801 1$bMiAaPQ 801 2$bMiAaPQ 906 $aBOOK 912 $a9910797097203321 996 $aDigital atlas of economic plants in archaeology$93783294 997 $aUNINA